000 00609nam a2200217Ia 4500
005 20241129111112.0
008 241129s9999||||xx |||||||||||||| ||und||
020 _a978-81-956692-1-9
037 _aTB
040 _aCRL
_beng
_cCRL
041 _aeng
_2eng
084 _aQ4:67 R3
_qCRL
100 _aLama G. K. Au.
_937756
245 0 _aUnique features of buddhist monasteries
_cLama G. K. Au.
260 _aNew Delhi, India
_bPAthak Publisher and Distributors
_c2023
300 _axx,305p.
365 _aINR
_b4500
650 _aBuddhism
942 _cTB
_hQ4:67 R3
999 _c1228931
_d1228931